书目信息 |
| 题名: |
高校篮球课程教学优化与探索
|
|
| 作者: | 王翠 , 周元 著 | |
| 分册: | ||
| 出版信息: | 北京 中国水利水电出版社 2019 |
|
| 页数: | 262页 | |
| 开本: | 24cm | |
| 丛书名: | ||
| 单 册: | ||
| 中图分类: | G841.2 | |
| 科图分类: | ||
| 主题词: | 篮球运动--体育教学--教学研究--高等学校 | |
| 电子资源: | ||
| ISBN: | 978-7-5170-7146-4 | |
| 000 | 00859nam0 2200229 450 | |
| 001 | 2375498585 | |
| 005 | 20231109205833.66 | |
| 010 | @a978-7-5170-7146-4@dCNY82.00 | |
| 100 | @a20190406d2019 em y0chiy50 ea | |
| 101 | 0 | @achi |
| 102 | @aCN@b110000 | |
| 105 | @ay z 000yy | |
| 200 | 1 | @a高校篮球课程教学优化与探索@9gao xiao lan qiu ke cheng jiao xue you hua yu tan suo@f王翠,周元著 |
| 210 | @a北京@c中国水利水电出版社@d2019 | |
| 215 | @a262页@d24cm | |
| 330 | @a本书以高校篮球教学为研究对象,在阐述篮球课程教学基本理论的基础上,对篮球教学过程中各要素的优化进行了深入的探索与研究,涉及教学内容、教学方法、教学模式、教学评价、教学环境等诸多方面。 | |
| 606 | 0 | @a篮球运动@x体育教学@x教学研究@x高等学校 |
| 690 | @aG841.2@v5 | |
| 701 | 0 | @a王翠@9wang cui@4著 |
| 701 | 0 | @a周元@9zhou yuan@4著 |
| 801 | 0 | @aCN@b91MARC@c20190406 |
| 905 | @aBZT@dG841.2@e6 | |
| 高校篮球课程教学优化与探索/王翠,周元著.-北京:中国水利水电出版社,2019 |
| 262页;24cm |
| ISBN 978-7-5170-7146-4:CNY82.00 |
| 本书以高校篮球教学为研究对象,在阐述篮球课程教学基本理论的基础上,对篮球教学过程中各要素的优化进行了深入的探索与研究,涉及教学内容、教学方法、教学模式、教学评价、教学环境等诸多方面。 |
| ● |
| 相关链接 |
|
|
|
正题名:高校篮球课程教学优化与探索
索取号:G841.2/6
 
预约/预借
| 序号 | 登录号 | 条形码 | 馆藏地/架位号 | 状态 | 备注 |
| 1 | 2000980310 | 2000980310 | 中教第一批/山东中教(第一批)/234/ [索取号:G841.2/6] | 在馆 | |
| 2 | 2000980311 | 2000980311 | 中教第一批/山东中教(第一批)/234/ [索取号:G841.2/6] | 在馆 | |
| 3 | 2000980312 | 2000980312 | 中教第一批/山东中教(第一批)/234/ [索取号:G841.2/6] | 在馆 | |
| 4 | 2000980313 | 2000980313 | 中教第一批/山东中教(第一批)/234/ [索取号:G841.2/6] | 在馆 | |
| 5 | 2000980314 | 2000980314 | 中教第一批/山东中教(第一批)/234/ [索取号:G841.2/6] | 在馆 | |
| 6 | 2000980315 | 2000980315 | 中教第一批/山东中教(第一批)/234/ [索取号:G841.2/6] | 在馆 |